00671nam a2200241 a 4500001001300000003000900013005001700022008004100039020002200080082001500102100001800117245003500135260003800170300000800208500003500216650001400251650001900265700001800284902000800302942000700310952009500317999001700412nice12345678IN_TiNIC20260116014759.0090727s2008 newa grp 000 0 eng  a9788189524326c3000a361.1bFRA aFraser, Nancy aSocial Exclusion in Two Essays aNew Delhi bCritical Quest c2008 a48p aincludes index and biblioraphy aSociology aSocial-Justice1 aFraser, Nancy bSRS cBK 00104070aHMIbHMId2010-11-16g30.00l0o361.1 HAAp022864r2010-11-16w2026-01-16yBK c16931d16931